[Event "Østlandsserien 2006/2007, 1. div"]
[Site "Nordstrand, Oslo NOR"]
[Date "2007.02.11"]
[Round "7"]
[White "Gyldenås, Ole Jørn"]
[Black "Larsen, Joakim"]
[Result "0-1"]
[WhiteElo "1913"]
[BlackElo "1793"]
[PlyCount "147"]
[EventDate "2006.11.12"]
[WhiteTeam "Nordstrand 1"]
[BlackTeam "Follo 1"]

1. d4 Nf6 2. c4 g6 3. Nf3 Bg7 4. Nc3 O-O 5. e4 d6 6. Be2 e5 7. O-O Nc6 8. d5
Ne7 9. Ne1 Ne8 10. Nd3 f5 11. Bd2 Nf6 12. f3 f4 13. c5 g5 14. Rc1 h5 15. Be1
Kh7 16. Bf2 g4 17. Bh4 Rg8 18. a4 a6 19. b4 gxf3 20. Bxf3 Ng4 21. Qe2 Ne3 22.
Rfe1 Bh6 23. Kh1 Bg4 24. Rg1 Qd7 25. cxd6 cxd6 26. Bf2 Bxf3 27. Qxf3 Ng4 28.
Bb6 Rg7 29. h3 Nf6 30. Bf2 Rag8 31. b5 Rg3 32. Bxg3 Rxg3 33. Qe2 f3 34. gxf3
Qxh3+ 35. Qh2 Rxf3 36. Rcd1 Rxd3 37. Rxd3 Qxd3 38. Qg3 Qxg3 39. Rxg3 axb5 40.
axb5 Bd2 41. Rd3 Bc1 42. Kg2 Kg6 43. Rg3+ Kf7 44. Kf3 Bb2 45. Ne2 Nc8 46. Rg2
Na7 47. Ng3 Ba3 48. Nf5 Ng4 49. b6 Nc8 50. Ra2 Bc5 51. Ra8 Nxb6 52. Rb8 Nc4 53.
Rxb7+ Kg6 54. Ke2 Nf2 55. Ng3 h4 56. Nf5 h3 57. Rg7+ Kf6 58. Rh7 Nxe4 59. Nxd6
Nexd6 60. Rxh3 e4 61. Rh6+ Ke5 62. Rh5+ Kd4 63. Rg5 Ne5 64. Rg1 Kxd5 65. Rd1+
Nd3 66. Rxd3+ exd3+ 67. Kxd3 Bd4 68. Ke2 Ke4 69. Kf1 Kf3 70. Ke1 Ne4 71. Kf1
Nd2+ 72. Ke1 Ke3 73. Kd1 Kd3 74. Ke1 0-1

[Event "Østlandsserien 2006/2007, 1. div"]
[Site "Nordstrand, Oslo NOR"]
[Date "2007.02.11"]
[Round "7"]
[White "Lea, Per"]
[Black "Ulvnes, Roar"]
[Result "1/2-1/2"]
[WhiteElo "1587"]
[BlackElo "1790"]
[PlyCount "105"]
[EventDate "2006.11.12"]
[WhiteTeam "Follo 1"]
[BlackTeam "Nordstrand 1"]

1. e4 c5 2. Nf3 d6 3. d4 cxd4 4. Nxd4 Nf6 5. Nc3 g6 6. f4 Nc6 7. Nxc6 bxc6 8.
Be3 Bg7 9. Be2 Qa5 10. O-O Rb8 11. Bc1 O-O 12. h3 Nd7 13. Rf3 Nc5 14. Kh1 Bxc3
15. Rxc3 Nxe4 16. Rf3 Qb6 17. Qe1 Qc7 18. b3 d5 19. Bb2 f6 20. c4 Nd6 21. cxd5
cxd5 22. Rc1 Qb7 23. Rfc3 Qb4 24. Rc7 Qxf4 25. Rxe7 Nf5 26. Rxa7 Ng3+ 27. Kg1
Qe3+ 28. Kh2 Qxa7 29. Qxg3 Rb7 30. Bf3 Be6 31. Qd6 Qb8 32. Qxb8 Rfxb8 33. Bxf6
Ra7 34. Rc2 Kf7 35. Bd4 Rd7 36. Kg3 Rb4 37. Rd2 Rb5 38. Kf2 Bf5 39. Be2 Rb4 40.
Bc5 Rf4+ 41. Kg3 Re4 42. Bf3 Re5 43. Bd4 Re8 44. Bb6 Be4 45. Be2 Rb7 46. Bc5
Ke6 47. b4 Ra8 48. Bd1 Ra3+ 49. Bb3 h5 50. Kh2 Ke5 51. b5 Rxb3 52. axb3 Rxb5
53. b4 1/2-1/2

[Event "Østlandsserien 2006/2007, 1. div"]
[Site "Nordstrand, Oslo NOR"]
[Date "2007.02.11"]
[Round "7"]
[White "Vigdal, Per Kr"]
[Black "Høva, Frode"]
[Result "1-0"]
[WhiteElo "1785"]
[BlackElo "1591"]
[PlyCount "60"]
[EventDate "2006.11.12"]
[WhiteTeam "Nordstrand 1"]
[BlackTeam "Follo 1"]

1. e4 c5 2. Nf3 d6 3. d4 cxd4 4. Nxd4 Nf6 5. Nc3 e6 6. f3 Nc6 7. Be3 Be7 8. Qd2
a6 9. O-O-O O-O 10. g4 Nd7 11. h4 Nde5 12. Be2 Qc7 13. f4 Nxd4 14. Qxd4 Nc6 15.
Qd2 b5 16. g5 Bb7 17. h5 Rac8 18. g6 Bf6 19. Qxd6 Bxc3 20. Qxc7 Bxb2+ 21. Kxb2
Rxc7 22. Bb6 Rcc8 23. Rd7 Ba8 24. gxh7+ Kxh7 25. Rg1 Nb8 26. Ra7 Bxe4 27. c3 b4
28. c4 Nc6 29. Rd7 Nb8 30. Rd4 Nc6 1-0

[Event "Østlandsserien 2006/2007, 1. div"]
[Site "Ås, Akershus NOR"]
[Date "2007.03.10"]
[Round "8"]
[White "Getz, Nicolai"]
[Black "Næssvold, Kjell"]
[Result "1/2-1/2"]
[WhiteElo "2011"]
[BlackElo "1886"]
[PlyCount "87"]
[EventDate "2006.11.12"]
[WhiteTeam "O.S.S. 2"]
[BlackTeam "Follo"]

1. e4 c5 2. Nf3 Nc6 3. d4 cxd4 4. Nxd4 e5 5. Nb5 d6 6. N1c3 a6 7. Na3 b5 8. Nd5
Nf6 9. Bg5 Be7 10. Bxf6 Bxf6 11. c3 O-O 12. Nc2 Bg5 13. a4 Rb8 14. axb5 axb5
15. Nce3 b4 16. Bd3 bxc3 17. bxc3 Ne7 18. O-O Nxd5 19. Nxd5 Be6 20. Nb4 Ra8 21.
c4 Qb6 22. Nd5 Bxd5 23. cxd5 Qd4 24. Rxa8 Rxa8 25. Qb3 Qa7 26. Rb1 Kf8 27. Qb7
Qxb7 28. Rxb7 h5 29. g3 h4 30. Kg2 hxg3 31. hxg3 g6 32. Kh3 Ra3 33. Bb1 Ra4 34.
Kg4 Bd8 35. f4 exf4 36. gxf4 Rc4 37. f5 gxf5+ 38. Kxf5 Rc3 39. e5 dxe5 40. Kxe5
Rc8 41. Be4 Bh4 42. d6 Rd8 43. Rb3 Kg7 44. Rh3 1/2-1/2

[Event "Østlandsserien 2006/2007, 1. div"]
[Site "Ås, Akershus NOR"]
[Date "2007.03.10"]
[Round "8"]
[White "Lange, Holger"]
[Black "Guddahl, Viggo"]
[Result "1/2-1/2"]
[WhiteElo "1656"]
[BlackElo "1951"]
[PlyCount "101"]
[EventDate "2006.11.12"]
[WhiteTeam "Follo"]
[BlackTeam "O.S.S. 2"]

1. d4 d6 2. c4 e5 3. dxe5 dxe5 4. Qxd8+ Kxd8 5. Nf3 f6 6. e4 c6 7. Nc3 Bb4 8.
Bd2 Nh6 9. h3 Be6 10. O-O-O Kc7 11. Be2 Nf7 12. a3 Bxc3 13. Bxc3 Nd6 14. Nd2 c5
15. Rhe1 Nc6 16. b3 Nd4 17. Bd3 a6 18. Kb2 Rhb8 19. Bxd4 cxd4 20. c5 Nb5 21.
Bc4 Bxc4 22. Nxc4 Nc3 23. Rd3 Kc6 24. f4 Kxc5 25. fxe5 b5 26. Nd2 fxe5 27. Rg3
Ra7 28. Nf3 Kd6 29. Rg5 Re7 30. Nh4 g6 31. Nf3 Rf8 32. Rg4 Rf6 33. h4 Ref7 34.
Rg5 h6 35. Rg4 Ke6 36. Kc1 Re7 37. Kd2 Kf7 38. Kd3 Ke6 39. Rc1 a5 40. Rf1 Ra7
41. Re1 Rc7 42. Nxd4+ exd4 43. e5 Rf2 44. Rxg6+ Kf7 45. Rxh6 Kg7 46. Rd6 Rxg2
47. e6 Rg3+ 48. Kxd4 Rg4+ 49. Kd3 Rg3+ 50. Kd4 Rg4+ 51. Kd3 1/2-1/2

[Event "Østlandsserien 2006/2007, 1. div"]
[Site "Ås, Akershus NOR"]
[Date "2007.03.10"]
[Round "8"]
[White "Stake-Larsen, Gunnar"]
[Black "Lea, Per"]
[Result "1-0"]
[WhiteElo "1932"]
[BlackElo "1587"]
[PlyCount "37"]
[EventDate "2006.11.12"]
[WhiteTeam "O.S.S. 2"]
[BlackTeam "Follo"]

1. d4 d5 2. c4 e6 3. Nc3 Nf6 4. Nf3 Nbd7 5. Bg5 Be7 6. e3 O-O 7. Rc1 c6 8. Bd3
dxc4 9. Bxc4 Nd5 10. Bxe7 Qxe7 11. O-O Nxc3 12. Rxc3 e5 13. dxe5 Nxe5 14. Nxe5
Qxe5 15. f4 Qe7 16. f5 Rd8 17. f6 Rxd1 18. fxe7 Rxf1+ 19. Bxf1 1-0

[Event "Østlandsserien 2006/2007, 1. div"]
[Site "Ås, Akershus NOR"]
[Date "2007.03.10"]
[Round "8"]
[White "Høva, Frode"]
[Black "Harstad, Christian"]
[Result "0-1"]
[WhiteElo "1591"]
[BlackElo "1894"]
[PlyCount "89"]
[EventDate "2006.11.12"]
[WhiteTeam "Follo"]
[BlackTeam "O.S.S. 2"]

1. d4 Nf6 2. c4 g6 3. Nc3 Bg7 4. e4 d6 5. Be2 O-O 6. Nf3 e5 7. O-O Nc6 8. d5
Ne7 9. Ne1 Nd7 10. Nd3 f5 11. f3 f4 12. Bd2 g5 13. Rc1 Rf6 14. g4 h5 15. h3
hxg4 16. hxg4 Rh6 17. Kg2 Ng6 18. Be1 Nh4+ 19. Bxh4 gxh4 20. Rh1 Nf8 21. c5 Bd7
22. cxd6 cxd6 23. Qb3 b5 24. Nb4 Qb6 25. Qd1 a6 26. Nc6 Ng6 27. Kh3 Rc8 28. Qg1
Qb7 29. a3 Bxc6 30. dxc6 Rxc6 31. Nd5 Rxc1 32. Qxc1 Qa7 33. Qc8+ Kh7 34. Rh2
Ne7 35. Nxe7 Qxe7 36. Qxa6 d5 37. Qxb5 dxe4 38. fxe4 Qa7 39. Qd3 Qb6 40. Bf1
Rd6 41. Qe2 Qb3+ 42. Kg2 Qg3+ 43. Kh1 f3 44. Qf2 Kg6 45. Rh3 0-1

[Event "Østlandsserien 2006/2007, 1. div"]
[Site "Ås, Akershus NOR"]
[Date "2007.03.10"]
[Round "8"]
[White "Valla, Martin"]
[Black "Moberg, Jan Rune"]
[Result "1-0"]
[WhiteElo "1807"]
[BlackElo "1461"]
[PlyCount "47"]
[EventDate "2006.11.12"]
[WhiteTeam "O.S.S. 2"]
[BlackTeam "Follo"]

1. d4 d6 2. c4 Nd7 3. Nc3 e5 4. Nf3 c6 5. e4 Ngf6 6. Be2 Be7 7. O-O O-O 8. Be3
Re8 9. d5 Nf8 10. Ne1 Ng6 11. Nd3 cxd5 12. cxd5 Bf8 13. Rc1 a5 14. f3 Bd7 15.
Qb3 Qb8 16. Nb5 Bxb5 17. Qxb5 Rc8 18. Rxc8 Qxc8 19. Rc1 Qd7 20. Qxd7 Nxd7 21.
Rc7 Nf6 22. Rxb7 Rc8 23. Ra7 Nh4 24. g3 1-0

[Event "Østlandsserien 2006/2007, 1. div"]
[Site "Ås, Akershus NOR"]
[Date "2007.03.10"]
[Round "8"]
[White "Samset, Jon"]
[Black "Johnsen, John Kr"]
[Result "0-1"]
[WhiteElo "1149"]
[BlackElo "1609"]
[PlyCount "49"]
[EventDate "2006.11.12"]
[WhiteTeam "Follo"]
[BlackTeam "O.S.S. 2"]

1. b3 Nf6 2. Bb2 e6 3. Nf3 c5 4. e3 Be7 5. Nc3 O-O 6. d4 d5 7. Bd3 Nc6 8. a3 a6
9. O-O b5 10. dxc5 Bxc5 11. b4 Be7 12. Re1 Bb7 13. e4 dxe4 14. Nxe4 Nd5 15. Qd2
Qc7 16. Nc5 h6 17. Nxe6 fxe6 18. Rxe6 Nf4 19. Qe3 Qd7 20. Qe4 Qxe6 21. Qh7+ Kf7
22. Qxg7+ Ke8 23. Re1 Qg8 24. Bg6+ Nxg6 25. Qxh6 0-1

[Event "Østlandsserien 2006/2007, 1. div"]
[Site "Jar, Akershus NOR"]
[Date "2007.03.11"]
[Round "9"]
[White "Andersen, Alf Roger"]
[Black "Byklum, Bjørnar"]
[Result "1/2-1/2"]
[WhiteElo "2156"]
[BlackElo "2296"]
[PlyCount "73"]
[EventDate "2006.11.12"]
[WhiteTeam "Follo"]
[BlackTeam "S.O.S.S"]

1. e4 c5 2. Nf3 e6 3. d4 cxd4 4. Nxd4 Nf6 5. Bd3 Nc6 6. Nxc6 dxc6 7. O-O e5 8.
Bg5 h6 9. Bh4 Bc5 10. Nd2 Qc7 11. c3 g5 12. Bg3 Be6 13. b4 O-O-O 14. Qc2 Bd6
15. Bc4 Qe7 16. f3 Bc7 17. Bf2 Bb6 18. Bxb6 axb6 19. Bxe6+ Qxe6 20. a4 Kc7 21.
a5 Nd7 22. a6 Ra8 23. axb7 Kxb7 24. Nb3 Rxa1 25. Rxa1 Ra8 26. Rd1 g4 27. fxg4
Qxg4 28. h3 Qe6 29. c4 Rg8 30. Qd3 Kc7 31. c5 bxc5 32. Nxc5 Nxc5 33. bxc5 Ra8
34. Qd6+ Qxd6 35. Rxd6 Ra5 36. Rxh6 Rxc5 37. Rf6 1/2-1/2

[Event "Østlandsserien 2006/2007, 1. div"]
[Site "Jar, Akershus NOR"]
[Date "2007.03.11"]
[Round "9"]
[White "Andreassen, Pål M"]
[Black "Lange, Holger"]
[Result "1-0"]
[WhiteElo "1995"]
[BlackElo "1656"]
[PlyCount "91"]
[EventDate "2006.11.12"]
[WhiteTeam "S.O.S.S"]
[BlackTeam "Follo"]

1. e4 c5 2. Nf3 Nc6 3. c4 d6 4. d4 cxd4 5. Nxd4 Nf6 6. Nc3 Qb6 7. Nb3 Ng4 8.
Qd2 g6 9. h3 Nf6 10. Nd5 Nxd5 11. cxd5 Ne5 12. Qc3 f6 13. Be3 Qd8 14. Rc1 Bg7
15. f4 Nf7 16. Qc7 O-O 17. Bb5 a6 18. Bd3 b5 19. O-O Bd7 20. Nd4 Re8 21. Ne6
Bxe6 22. dxe6 Nh6 23. f5 Kf8 24. Qc3 Rc8 25. Qd2 Ng8 26. Rxc8 Qxc8 27. Rc1 Qb7
28. Qc2 Bh6 29. Bxh6+ Nxh6 30. Qc7 Rb8 31. Qxb7 Rxb7 32. Kf2 Kg7 33. Ke3 a5 34.
Rc8 a4 35. Kd4 b4 36. g4 Ng8 37. Kd5 b3 38. a3 Ra7 39. Kc6 Ra5 40. Bb5 h5 41.
Kb6 Rxb5+ 42. Kxb5 hxg4 43. Rxg8+ Kxg8 44. hxg4 Kg7 45. Kc6 gxf5 46. gxf5 1-0

[Event "Østlandsserien 2006/2007, 1. div"]
[Site "Jar, Akershus NOR"]
[Date "2007.03.11"]
[Round "9"]
[White "Lea, Per"]
[Black "Vagle, Raymond"]
[Result "0-1"]
[WhiteElo "1587"]
[BlackElo "1890"]
[PlyCount "74"]
[EventDate "2006.11.12"]
[WhiteTeam "Follo"]
[BlackTeam "S.O.S.S."]

1. e4 c5 2. Nf3 d6 3. d4 cxd4 4. Nxd4 Nf6 5. Nc3 g6 6. f4 Bg7 7. e5 Ng8 8. Bb5+
Bd7 9. exd6 Nh6 10. Nd5 O-O 11. dxe7 Re8 12. O-O Qc8 13. Re1 Qc5 14. Be3 Qxd5
15. c4 Qd6 16. Bxd7 Nxd7 17. Nb5 Qxd1 18. Raxd1 Rxe7 19. Nc7 Rc8 20. Nd5 Ree8
21. b3 a6 22. h3 Nf5 23. Bf2 Nf6 24. g4 Nxd5 25. Rxd5 Rxe1+ 26. Bxe1 Nd4 27.
Kf2 Re8 28. Bc3 Nc6 29. Bxg7 Kxg7 30. Rd7 Re7 31. Rd2 Nb8 32. c5 a5 33. a3 Na6
34. Rc2 Rc7 35. b4 axb4 36. axb4 Nxb4 37. Rc3 Rxc5 0-1

[Event "Østlandsserien 2006/2007, 1. div"]
[Site "Jar, Akershus NOR"]
[Date "2007.03.11"]
[Round "9"]
[White "Zachariassen, Bjarne"]
[Black "Høva, Frode"]
[Result "1-0"]
[WhiteElo "1923"]
[BlackElo "1591"]
[PlyCount "67"]
[EventDate "2006.11.12"]
[WhiteTeam "S.O.S.S."]
[BlackTeam "Follo"]

1. e4 c5 2. c3 d6 3. Nf3 Nf6 4. Be2 g6 5. O-O Bg7 6. h3 O-O 7. d3 Nc6 8. Bg5 a6
9. Qd2 b5 10. Bh6 Bb7 11. Bxg7 Kxg7 12. Na3 e5 13. Nc2 d5 14. exd5 Nxd5 15. d4
exd4 16. cxd4 c4 17. Ng5 Nf6 18. Bf3 Qd6 19. Ne4 Nxe4 20. Bxe4 Rad8 21. Rad1
Kg8 22. Qg5 Rfe8 23. Bxc6 Bxc6 24. Ne3 f6 25. Qh6 Qe6 26. Qf4 f5 27. Rfe1 Qf7
28. Qg5 f4 29. Ng4 Rxe1+ 30. Rxe1 Qf8 31. Nh6+ Kh8 32. Qxd8 Qxd8 33. Nf7+ Kg7
34. Nxd8 1-0

[Event "Østlandsserien 2006/2007, 1. div"]
[Site "Jar, Akershus NOR"]
[Date "2007.03.11"]
[Round "9"]
[White "Moberg, Jan Rune"]
[Black "Førland, Tor Egil"]
[Result "0-1"]
[WhiteElo "1461"]
[BlackElo "1830"]
[PlyCount "70"]
[EventDate "2006.11.12"]
[WhiteTeam "Follo"]
[BlackTeam "S.O.S.S."]

1. d4 Nf6 2. c4 c5 3. d5 b5 4. cxb5 a6 5. b6 g6 6. a4 Qxb6 7. a5 Qd6 8. Nc3 e6
9. e4 Bb7 10. f4 Qe7 11. d6 Qd8 12. e5 Nd5 13. Nf3 Bg7 14. Be2 Nxc3 15. bxc3
Nc6 16. Qa4 f6 17. Be3 fxe5 18. Bxc5 exf4 19. Bd4 Nxd4 20. Nxd4 Bxg2 21. Rg1
Bd5 22. Kd2 O-O 23. Rg4 f3 24. Bd3 Qe8 25. h4 Rc8 26. Bxa6 f2 27. Bxc8 Qxc8 28.
Rf1 e5 29. Ne2 e4 30. Nd4 Bc4 31. Ne2 Bh6+ 32. Kd1 Bxe2+ 33. Kxe2 Qxc3 34. Qa2+
Kh8 35. Rxe4 Qf3# 0-1

[Event "Østlandsserien 2006/2007, 1. div"]
[Site "Jar, Akershus NOR"]
[Date "2007.03.11"]
[Round "9"]
[White "Røst, Bjørn"]
[Black "Samset, Jon"]
[Result "1-0"]
[WhiteElo "1741"]
[BlackElo "1149"]
[PlyCount "27"]
[EventDate "2006.11.12"]
[WhiteTeam "S.O.S.S."]
[BlackTeam "Follo"]

1. e4 b6 2. a3 Bb7 3. Nc3 e5 4. Bc4 Nf6 5. d3 h6 6. f4 exf4 7. Bxf4 Bc5 8. Nf3
d5 9. exd5 Bxd5 10. Qe2+ Be7 11. Nxd5 Nxd5 12. Bxd5 Qxd5 13. Bxc7 O-O 14. Qxe7
1-0

[Event "Østlandsserien 2006/2007, 3. div. B"]
[Site "Ås, Akershus NOR"]
[Date "2006.11.12"]
[Round "1"]
[White "Engli, Knut"]
[Black "Furnes, Torstein"]
[Result "0-1"]
[WhiteElo "1681"]
[BlackElo "1509"]
[PlyCount "88"]
[EventDate "2006.11.12"]
[WhiteTeam "Stjernen 3"]
[BlackTeam "Follo 2"]

1. e4 c5 2. Nf3 Nc6 3. d4 cxd4 4. Nxd4 e5 5. Nb5 d6 6. N1c3 a6 7. Na3 b5 8. Nd5
Nf6 9. Be3 Nxd5 10. exd5 Ne7 11. c4 bxc4 12. Nxc4 Nf5 13. Bb6 Qg5 14. g3 Be7
15. Bg2 O-O 16. O-O Bd7 17. a4 Rfc8 18. b3 Rab8 19. a5 Bb5 20. f4 exf4 21. Rxf4
Bf6 22. Rc1 h5 23. Bh3 Nxg3 24. Rxf6 Nf5+ 25. Kh1 Qxf6 26. Qxh5 g6 27. Rg1 Kf8
28. Qg4 Bxc4 29. bxc4 Re8 30. Qf3 Qe5 31. Bxf5 gxf5 32. c5 Rec8 33. c6 Qe4 34.
Rg3 Re8 35. Qxe4 fxe4 36. Bd4 f5 37. Rg6 e3 38. Rf6+ Kg8 39. Bxe3 Rxe3 40. Rxd6
Re2 41. Rg6+ Kf7 42. c7 Rb1+ 43. Rg1 Rxg1+ 44. Kxg1 Rc2 0-1

[Event "Østlandsserien 2006/2007, 3. div. B"]
[Site "Ås, Akershus NOR"]
[Date "2006.11.12"]
[Round "1"]
[White "Simonsen, Steinar"]
[Black "Ramstad, Vegard"]
[Result "1-0"]
[WhiteElo "1439"]
[BlackElo "1300"]
[PlyCount "59"]
[EventDate "2006.11.12"]
[WhiteTeam "Follo 2"]
[BlackTeam "Stjernen 3"]

1. e4 c5 2. Nf3 Nc6 3. d4 cxd4 4. Nxd4 Nf6 5. Nc3 e5 6. Ndb5 d6 7. Bg5 a6 8.
Bxf6 gxf6 9. Na3 b5 10. Nd5 f5 11. Bd3 Be6 12. Qd2 Rb8 13. c4 Nd4 14. cxb5 axb5
15. Rc1 Bxd5 16. exd5 Bg7 17. Nc2 e4 18. Nxd4 exd3 19. Nc6 Qb6 20. Nxb8 Qxb8
21. Qe3+ Kd7 22. O-O Bxb2 23. Rb1 Ba3 24. Qxd3 Bc5 25. Qxf5+ Kc7 26. Rfe1 Qf8
27. Rxb5 f6 28. Reb1 Qc8 29. Qxf6 Rd8 30. Rb7+ 1-0

[Event "Østlandsserien 2006/2007, 3. div. B"]
[Site "Ås, Akershus NOR"]
[Date "2006.11.12"]
[Round "1"]
[White "Mottang, Harald"]
[Black "Lange, David"]
[Result "1/2-1/2"]
[WhiteElo "1302"]
[BlackElo "1292"]
[PlyCount "67"]
[EventDate "2006.11.12"]
[WhiteTeam "Stjernen 3"]
[BlackTeam "Follo 2"]

1. Nf3 d5 2. g3 c5 3. Bg2 Nc6 4. c4 d4 5. d3 Bf5 6. Bf4 Qa5+ 7. Nbd2 e6 8. O-O
Be7 9. Ne5 Nxe5 10. Bxe5 f6 11. Bxb7 Rd8 12. Bc6+ Kf8 13. Bf4 e5 14. Bxe5 fxe5
15. f4 Bh3 16. fxe5+ Bxf1 17. Qxf1+ Nf6 18. exf6 Bxf6 19. Ne4 Qb6 20. Bd5 Ke7
21. Qh3 h6 22. Rf1 Rhf8 23. Qf5 Rd7 24. Nxf6 Rxf6 25. Qe4+ Kd8 26. Rxf6 Qxf6
27. Be6 Rc7 28. Qd5+ Ke7 29. Bg4 Qg5 30. Qe6+ Kf8 31. Qd6+ Qe7 32. Qf4+ Kg8 33.
Bf3 Qe3+ 34. Qxe3 1/2-1/2

[Event "Østlandsserien 2006/2007, 3. div. B"]
[Site "Ås, Akershus NOR"]
[Date "2006.11.12"]
[Round "1"]
[White "Thowsen, Alf Geir"]
[Black "Iversen, Kjell"]
[Result "1-0"]
[WhiteElo "1201"]
[BlackElo "1294"]
[PlyCount "101"]
[EventDate "2006.11.12"]
[WhiteTeam "Follo 2"]
[BlackTeam "Stjernen 3"]

1. d4 Nf6 2. c4 e6 3. Nc3 d5 4. Bg5 Bb4 5. Qc2 c6 6. e3 Be7 7. Nf3 Nbd7 8. Bf4
Nh5 9. Bd3 Nxf4 10. exf4 f5 11. O-O O-O 12. Rfe1 Rf6 13. Re3 Nf8 14. Ne5 Ng6
15. Ne2 Nxe5 16. fxe5 Rg6 17. Nf4 Rh6 18. Rh3 Bg5 19. Rxh6 Bxh6 20. Ne2 g6 21.
f4 b6 22. b4 a5 23. Qc3 axb4 24. Qxb4 Bf8 25. Qd2 c5 26. cxd5 Qxd5 27. Qb2 Bb7
28. Ng3 cxd4 29. a4 Ra5 30. Bb5 Bc5 31. Kh1 d3 32. Rd1 Bd4 33. Qd2 Be3 34. Qb2
d2 35. Bf1 Rxa4 36. Ne2 Ra2 37. Qb1 Ra3 38. Qc2 Qa5 39. Qc7 Qd5 40. Qb8+ Kg7
41. Qc7+ Kh6 42. Qf7 Ra8 43. Qf6 Qc6 44. Ng3 Qd7 45. Be2 Qd8 46. Qxe6 Qf8 47.
Bd3 Bxf4 48. Nxf5+ Kg5 49. h4+ Kg4 50. Be2+ Bf3 51. Bxf3# 1-0

[Event "Østlandsserien 2006/2007, 3. div. B"]
[Site "Ås, Akershus NOR"]
[Date "2006.12.10"]
[Round "2"]
[White "Sæther, Lars"]
[Black "Furnes, Torstein"]
[Result "0-1"]
[WhiteElo "1674"]
[BlackElo "1509"]
[PlyCount "52"]
[EventDate "2006.11.12"]
[WhiteTeam "Fredriksstad 2"]
[BlackTeam "Follo 2"]

1. d4 d5 2. Nf3 Nf6 3. c4 e6 4. Nc3 Be7 5. e3 O-O 6. Bd3 dxc4 7. Bxc4 c5 8. O-O
Nc6 9. dxc5 Bxc5 10. a3 a6 11. b4 Bd6 12. Qc2 b5 13. Ba2 Bb7 14. Bb2 Ne5 15.
Nxe5 Bxe5 16. Ne2 Bxh2+ 17. Kxh2 Ng4+ 18. Kg3 Nh6 19. f4 Nf5+ 20. Kf2 Qh4+ 21.
Kg1 Bxg2 22. Qc5 Bxf1 23. Rxf1 Rac8 24. Qe5 Qg4+ 25. Kf2 Rc2 26. Re1 Qg3+ 0-1

[Event "Østlandsserien 2006/2007, 3. div. B"]
[Site "Ås, Akershus NOR"]
[Date "2006.12.10"]
[Round "2"]
[White "Lange, David"]
[Black "Ludvigsen, Jan"]
[Result "0-1"]
[WhiteElo "1292"]
[BlackElo "1669"]
[PlyCount "64"]
[EventDate "2006.11.12"]
[WhiteTeam "Follo 2"]
[BlackTeam "Fredriksstad 2"]

1. c4 {[%emt 0:00:00]} e6 2. d4 d5 3. e3 Nf6 4. Nf3 c6 5. Bd2 Nbd7 6. c5 b6 7.
b4 a5 8. Qc2 Ne4 9. cxb6 Nxd2 10. Nbxd2 Qxb6 11. bxa5 Rxa5 12. Bd3 c5 13. O-O
c4 14. Rfc1 Ra8 15. Rcb1 cxd3 16. Qxd3 Qa7 17. Qb5 Be7 18. Ne5 Ba6 19. Qxd7+
Qxd7 20. Nxd7 Kxd7 21. Nf3 f6 22. g3 Rhb8 23. Rxb8 Rxb8 24. Nh4 Ba3 25. Ng2 Rb2
26. Nf4 Ke7 27. Rc1 Bc4 28. e4 g5 29. exd5 exd5 30. Ng2 Rxf2 31. Rxc4 Rxg2+ 32.
Kxg2 dxc4 0-1

[Event "Østlandsserien 2006/2007, 3. div. B"]
[Site "Ås, Akershus NOR"]
[Date "2006.12.10"]
[Round "2"]
[White "Nilsen, Kai"]
[Black "Olsen, Trygve"]
[Result "1-0"]
[WhiteElo "1516"]
[BlackElo "1251"]
[PlyCount "93"]
[EventDate "2006.11.12"]
[WhiteTeam "Fredriksstad 2"]
[BlackTeam "Follo 2"]

1. e4 c5 2. Nf3 Nc6 3. d4 cxd4 4. Nxd4 e5 5. Nb5 d6 6. N1c3 a6 7. Na3 b5 8. Nd5
Nge7 9. Be3 Nxd5 10. exd5 Ne7 11. c4 b4 12. Qa4+ Qd7 13. Qxb4 Nf5 14. Qd2 Nxe3
15. Qxe3 f5 16. Bd3 f4 17. Qf3 g6 18. O-O Qg7 19. g3 g5 20. Rae1 g4 21. Qxf4
Be7 22. Qe4 h5 23. Qg6+ Kf8 24. f4 Qxg6 25. Bxg6 Kg7 26. Bd3 Bf6 27. c5 exf4
28. Rxf4 dxc5 29. Nc4 Bb7 30. Nb6 Rad8 31. Bc4 Rd6 32. Re6 Rxe6 33. dxe6 Rd8
34. Nd7 Bd4+ 35. Kf1 Re8 36. Rf7+ Kh8 37. e7 Bg7 38. Rf8+ Bxf8 39. exf8=Q+
Rxf8+ 40. Nxf8 Kg7 41. Nd7 Kg6 42. Nxc5 Bf3 43. Bxa6 Kg5 44. Ne6+ Kf6 45. Nf4
Kg5 46. b4 h4 47. b5 1-0

[Event "Østlandsserien 2006/2007, 3. div. B"]
[Site "Ås, Akershus NOR"]
[Date "2006.12.10"]
[Round "2"]
[White "Thowsen, Alf Geir"]
[Black "Johansen, Odd B"]
[Result "1-0"]
[WhiteElo "1208"]
[BlackElo "1417"]
[PlyCount "47"]
[EventDate "2006.11.12"]
[WhiteTeam "Follo 2"]
[BlackTeam "Fredriksstad 2"]

1. d4 Nf6 2. c4 e6 3. Nc3 Bb4 4. Bd2 b6 5. Nf3 Bb7 6. a3 Bxc3 7. Bxc3 O-O 8. e3
d6 9. Bd3 Nbd7 10. O-O c5 11. Re1 d5 12. cxd5 Nxd5 13. Rc1 Rc8 14. e4 Nf4 15.
Bb1 Nf6 16. Qd2 Ng6 17. Qg5 h6 18. Qd2 cxd4 19. Bxd4 Rxc1 20. Qxc1 Qc8 21. Bxf6
gxf6 22. Qxh6 Qc7 23. e5 Bxf3 24. exf6 1-0

[Event "Østlandsserien 2006/2007, 3. div. B"]
[Site "Moss, Østfold NOR"]
[Date "2007.01.14"]
[Round "3"]
[White "Furnes, Torstein"]
[Black "Stray, Gunnar"]
[Result "0-1"]
[WhiteElo "1509"]
[BlackElo "1974"]
[PlyCount "62"]
[EventDate "2006.11.12"]
[WhiteTeam "Follo 2"]
[BlackTeam "Moss 2"]

1. d4 f5 2. c4 Nf6 3. Nf3 e6 4. Bg5 Be7 5. e3 b6 6. Be2 Bb7 7. Nc3 O-O 8. O-O
h6 9. Bxf6 Bxf6 10. Ne5 Bxe5 11. dxe5 f4 12. Bf3 Nc6 13. Qd2 fxe3 14. Qxe3 Qh4
15. Rad1 Rf7 16. b3 Raf8 17. Nb5 Rxf3 18. gxf3 Ne7 19. Rd4 Qh3 20. Rf4 Nf5 21.
Qd3 Nh4 22. Rxh4 Qxh4 23. Qg6 Rxf3 24. Qg2 Qe4 25. Kh1 Qxe5 26. Kg1 a6 27. Na3
Bc6 28. Qg4 Rf4 29. Qg3 Qe4 30. f3 Rxf3 31. Rxf3 Qxf3 0-1

[Event "Østlandsserien 2006/2007, 3. div. B"]
[Site "Moss, Østfold NOR"]
[Date "2007.01.14"]
[Round "3"]
[White "Pettersen, Erling"]
[Black "Olsen, Geir Meum"]
[Result "0-1"]
[WhiteElo "1355"]
[BlackElo "1475"]
[PlyCount "64"]
[EventDate "2006.11.12"]
[WhiteTeam "Follo 2"]
[BlackTeam "Moss 2"]

1. e4 c5 2. Nf3 g6 3. d4 cxd4 4. Qxd4 Nf6 5. Nc3 Nc6 6. Qd1 Bg7 7. h3 d6 8. Bb5
Nd7 9. Ne2 Qa5+ 10. Nc3 Bxc3+ 11. bxc3 Qxb5 12. Bh6 Qc4 13. Nd2 Qxc3 14. O-O
Nc5 15. Re1 Be6 16. Re3 Qd4 17. c3 Qa4 18. Qb1 Rg8 19. Rg3 b6 20. Be3 O-O-O 21.
f4 f5 22. Bxc5 dxc5 23. Qe1 Qc2 24. Nf1 fxe4 25. Re3 Rd3 26. Rxe4 Bd5 27. Re2
Qxc3 28. Rc1 Qd4+ 29. Kh1 Rxh3+ 30. Nh2 Qxf4 31. Qg1 Rxh2+ 32. Qxh2 Qxc1+ 0-1

[Event "Østlandsserien 2006/2007, 3. div. B"]
[Site "Ås, Norwegen"]
[Date "2007.01.14"]
[Round "3"]
[White "Solli, Espen"]
[Black "Lange, David"]
[Result "1-0"]
[WhiteElo "1425"]
[BlackElo "1292"]
[PlyCount "69"]
[EventDate "2007.??.??"]
[WhiteTeam "Moss 2"]
[BlackTeam "Follo 2"]

1. d4 Nf6 2. Bg5 e6 3. e4 Be7 4. Nd2 h6 5. Bf4 O-O 6. Bd3 b6 7. Ngf3 Bb7 8. O-O
d5 9. e5 Ne4 10. Re1 Nxd2 11. Qxd2 c5 12. c3 cxd4 13. cxd4 Nc6 14. a3 Na5 15.
Bxh6 Nb3 16. Qf4 Nxa1 17. Qg4 g6 18. Bxg6 Kh8 19. Bd3 Rg8 20. Qh5 Rg6 21. Bxg6
fxg6 22. Qxg6 Qg8 23. Qxg8+ Rxg8 24. Rxa1 Ba6 25. Rc1 Be2 26. Nd2 Kh7 27. Be3
Bd8 28. h3 b5 29. Rc6 Rg6 30. Nb3 Bf3 31. g3 Kg7 32. Nc5 Kf7 33. Nb7 Bb6 34.
Nd6+ Ke7 35. Nxb5 1-0